Crucero CIMAR 11 fiordos: informes preliminares. 16 al 27 de julio y 11 al 21 de noviembre de 2005
Պահպանված է:
| Համատեղ հեղինակներ: | , |
|---|---|
| Ձևաչափ: | Գիրք |
| Լեզու: | իսպաներեն |
| Հրապարակվել է: |
Valparaíso
Comité Oceanográfico Nacional
2006
|
| Հրատարակություն: | 1a. ed |
| Խորագրեր: | |
| Ցուցիչներ: |
Ավելացրեք ցուցիչ
Չկան պիտակներ, Եղեք առաջինը, ով նշում է այս գրառումը!
|
MARC
| LEADER | 00000cam a2200000 a 4500 | ||
|---|---|---|---|
| 001 | UCC1309 | ||
| 003 | CL-VaPUC | ||
| 008 | 171020e20060000cl |||||||||||||||||spa|d | ||
| 082 | 0 | 4 | |a 551.46 |b CON |2 21 |
| 110 | 2 | |a CONA |e author |9 595380 | |
| 710 | 2 | |a Comité Oceanográfico Nacional |e author |9 595381 | |
| 245 | 1 | 0 | |a Crucero CIMAR 11 fiordos: informes preliminares. 16 al 27 de julio y 11 al 21 de noviembre de 2005 |
| 250 | |a 1a. ed | ||
| 300 | |a 259 p | ||
| 942 | |c BK | ||
| 945 | |d 20171020 15:16:00 |a dcastane | ||
| 260 | |a Valparaíso |b Comité Oceanográfico Nacional |c 2006 | ||
| 650 | 0 | |a Oceanografía |9 260014 | |
| 650 | 0 | |a Oceanografía física |9 339696 | |
| 650 | 7 | |a OCEANOGRAFIA QUIMICA |2 CL-VaPUC |9 595382 | |
| 650 | 0 | |a Investigación científica |9 259857 | |
| 583 | |a last modification |c 20171020 15:16:00 |k Rodrigo Vera | ||
| 999 | |c 369859 |d 369857 | ||
| 952 | |0 0 |1 0 |2 ddc |3 erb |4 0 |6 551_460000000000000_CON_2006 |7 0 |8 A |9 486004 |a BIBCUR |b BIBCUR |i 5431190 |o 551.46 CON 2006 |p 5431190 |r 2025-04-22 |w 2019-11-24 |y BK |z Catalogado en:20171020 |k CIM | ||